Statistics for NBA 1-time All-Stars

Click here to take the quiz!

General Stats

  • This quiz has been taken 25 times
  • The average score is 8 of 25

Answer Stats

TeamPosYearAnswer% Correct
Los Angeles LakersC2012Andrew Bynum
73%
Atlanta HawksSG2015Kyle Korver
64%
Cleveland CavaliersPG2009Mo Williams
64%
Charlotte BobcatsSF2010Gerald Wallace
59%
Orlando MagicPG2009Jameer Nelson
59%
Los Angeles ClippersC2010Chris Kaman
45%
Los Angeles LakersPG1998Nick Van Exel
45%
Dallas MavericksSF/SG2007Josh Howard
41%
Boston CelticsSF1992Reggie Lewis
41%
New Jersey NetsPF2004Kenyon Martin
36%
Minnesota TimberwolvesSG/SF2002Wally Szczerbiak
36%
Utah JazzC2007Mehmet Okur
27%
Atlanta HawksPG1994Mookie Blaylock
27%
New Jersey NetsPG2009Devin Harris
23%
New Jersey NetsPG1994Kenny Anderson
23%
Philadelphia 76ersC2001Theo Ratliff
23%
Cleveland CavaliersPF1995Tyrone Hill
23%
New Orleans HornetsC2004Jamaal Magloire
18%
Houston RocketsPG/SG1979Calvin Murphy
14%
Dallas MavericksPF1997Chris Gatling
5%
Atlanta HawksPF1997Christian Laettner
5%
Philadelphia 76ersG1995Dana Barros
5%
Cleveland CavaliersSF1981Mike Mitchell
5%
Utah JazzPG1984Rickey Green
5%
Seattle SuperSonicsPF/C1982Loonie Shelton
0%

Score Distribution

Percentile by Number Answered

Percent of People with Each Score

Your Score History

You have not taken this quiz